LEADER 01889oam 2200505M 450 001 9910716132903321 005 20200213070931.5 035 $a(CKB)5470000002518788 035 $a(OCoLC)1065613698 035 $a(OCoLC)995470000002518788 035 $a(EXLCZ)995470000002518788 100 $a20071213d1926 ua 0 101 0 $aeng 135 $aurcn||||||||| 181 $ctxt$2rdacontent 182 $cc$2rdamedia 183 $acr$2rdacarrier 200 10$aConcerning the alleged official misconduct of Frederick A. Fenning. May 4, 1926. -- Ordered to be printed 210 1$a[Washington, D.C.] :$c[U.S. Government Printing Office],$d1926. 215 $a1 online resource (1 pages) 225 1 $aHouse report / 69th Congress, 1st session. House ;$vno. 1075 225 1 $a[United States congressional serial set] ;$v[serial no. 8537] 300 $aBatch processed record: Metadata reviewed, not verified. Some fields updated by batch processes. 300 $aFDLP item number not assigned. 606 $aGovernmental investigations$zUnited States 606 $aImpeachments 606 $aMisconduct in office 606 $aPolitical corruption 606 $aLocal officials and employees 606 $aLocal officials and employees$zJapan 608 $aLegislative materials.$2lcgft 615 0$aGovernmental investigations 615 0$aImpeachments. 615 0$aMisconduct in office. 615 0$aPolitical corruption. 615 0$aLocal officials and employees. 615 0$aLocal officials and employees 701 $aGraham$b George Scott$f1850-1931.$pRepublican (PA)$01386798 801 0$bWYU 801 1$bWYU 801 2$bOCLCO 906 $aBOOK 912 $a9910716132903321 996 $aConcerning the alleged official misconduct of Frederick A. Fenning. May 4, 1926. -- Ordered to be printed$93492767 997 $aUNINA LEADER 01279nas 2200445 c 450 001 9910143092903321 005 20260218111913.0 024 7 $aurn:nbn:de:hbz:6-87549465367 035 $a(CKB)111077820652310 035 $a(OCoLC)1165471220 035 $a(OCoLC)643029878 035 $a(DE-101)020508077 035 $a(DE-599)ZDB2016587-0 035 $a(DE-599)2016587-0 035 $a(EXLCZ)99111077820652310 100 $a20000616b19972000 |y | 101 0 $ager 135 $aur||||||||||| 181 $ctxt$2rdacontent 182 $cc$2rdamedia 183 $acr$2rdacarrier 200 10$aAGMB aktuell$eMitteilungsblatt der Arbeitsgemeinschaft für Medizinisches Bibliothekswesen 210 31$aMu?nster$d1997-2000 215 $aOnline-Ressource 300 $aGesehen am 05.09.06 311 08$a1433-612X 606 $aMedizinische Bibliothek$3(DE-588)4125480-6$3https://d-nb.info/gnd/4125480-6$3(DE-101)041254805$2gnd 608 $aZeitschrift$2gnd-content 615 7$aMedizinische Bibliothek. 676 $a070 676 $a610 676 $a020 686 $a012000*zs$2sbb 801 0$b4016 801 1$bDE-101 801 2$b4022 906 $aJOURNAL 912 $a9910143092903321 996 $aAGMB aktuell$92133279 997 $aUNINA